Tennis Players by Grand Slams - Statistics

General Stats
  • This quiz has been taken 95 times
  • The average score is 8 of 15
Answer Stats
Hint Answer % Correct
24 Novak Djokovic
98%
20 Roger Federer
98%
22 Rafael Nadal
96%
23 Serena Williams
92%
14 Pete Sampras
75%
11 Bjorn Borg
72%
22 Steffi Graf
68%
18 Martina Navratilova
58%
24 Margaret Court
56%
11 Rod Laver
47%
18 Chris Evert
36%
12 Billie Jean King
35%
12 Roy Emerson
12%
10 Bill Tilden
4%
19 Helen Wills
1%
No matching quizzes found
Score Distribution
Percent of People with Each Score
Percentile by Number Answered
Your Score History
You have not taken this quiz